| 000 | 00894nam a2200289Ia 4500 | ||
|---|---|---|---|
| 003 | OSt | ||
| 005 | 20240909123935.0 | ||
| 008 | 210331s9999||||xx |||||||||||||| ||und|| | ||
| 020 | _a9789387866096 | ||
| 040 | _cSTCPL | ||
| 041 | _aMAL | ||
| 082 |
_aM09 _bVIN-T |
||
| 100 |
_aVini A _qവിനി എ |
||
| 245 | 0 |
_aThalappilly swaroopam : _bSamskarika sambhavanakal / _cby Vini A _hതലപ്പിള്ളി സ്വരൂപം സാംസ്കാരിക സംഭാവനകൾ |
|
| 260 |
_aKottayam : _bSahithya Pravarthaka Co-operative Society , _c2018 . |
||
| 300 |
_a351 p. _bPB |
||
| 650 | _aMalayalam history | ||
| 650 | _aMalayalam literature | ||
| 650 | _aAzhvanchery Thamprakkal | ||
| 650 | _aKunnamkulam | ||
| 650 | _aMalayalam research | ||
| 650 | _aHistorical research | ||
| 650 | _aKerala history | ||
| 942 | _cBK | ||
| 942 | _2ddc | ||
| 942 | _2ddc | ||
| 999 |
_c74528 _d74528 |
||